Normal view
MARC view
Entry Personal Name
001 - CONTROL NUMBER
- control field: 487540
003 - CONTROL NUMBER IDENTIFIER
- control field:
005 - DATE AND TIME OF LATEST TRANSACTION
- control field: 20210602140339.0
008 - FIXED-LENGTH DATA ELEMENTS
- fixed length control field: 210602|| aca||aabn | a|a d
040 ## - CATALOGING SOURCE
- Original cataloging agency:
- Transcribing agency:
100 ## - HEADING--PERSONAL NAME
- Personal name: Akbar,
- Titles and other words associated with a name: Emperor of Hindustan,
- Dates associated with a name: 1542-1605
- General subdivision: Fiction
670 ## - SOURCE DATA FOUND
- Source citation: Work cat.: (): Myers, L. H. (Leopold Hamilton), 1881-1944 487539, The root and the flower /, 1985
